Itineraris : Sant Julià de Vilatorta, Camí de la Carena : municipi Sant Julià de Vilatorta, Camí de la Carena :
Descripción Física:
[6] p. : il. col., fot. ; 21 cm
MARC
| LEADER | 00000nam a2200000Ia 4500 | ||
|---|---|---|---|
| 001 | 18401 | ||
| 008 | 160829s9999 xx 000 0 cat d | ||
| 080 | |a FU-1-54 | ||
| 245 | |a Itineraris : |b Sant Julià de Vilatorta, Camí de la Carena : |b municipi | ||
| 260 | |a [Barcelona] : |b Diputació de Barcelona, Servei d'Esports i Turisme, [19-- ?] | ||
| 300 | |a [6] p. : |b il. col., fot. ; |c 21 cm | ||
| 590 | |a A la portada: Ajuntament de Sant Julià de Vilatorta ; Turisme Total. | ||
| 590 | |a Inclou mapa de la zona | ||
| 650 | |a Sant Julià de Vilatorta |x Guies |9 38876 | ||
| 650 | |a Sant Julià de Vilatorta |x Circuits turístics |9 38877 | ||
| 710 | |a Sant Julià de Vilatorta (Catalunya). |b Ajuntament |9 52449 | ||
| 710 | 2 | |a Barcelona (Catalunya : Província). |b Servei d'Esports i Turisme |9 54307 | |
| 901 | |a Arxiu | ||
| 942 | |n 1 | ||
| 952 | |0 0 |1 0 |4 0 |6 FU154 |7 1 |9 48660 |a Arxiu |b Arxiu |d 2016-12-01 |l 0 |o FU-1-54 |p 18401 |r 2016-12-01 00:00:00 |w 2016-12-01 |y ARXIU | ||
| 999 | |c 52490 |d 52490 | ||